|
|
|
|
| LEADER |
00865nam a22001697a 4500 |
| 020 |
|
|
|a 0-07-0528-05-5
|
| 082 |
|
|
|a 658.83
|b RAJ/M
|
| 100 |
|
|
|a Rajendra Nargundkar
|9 167532
|
| 245 |
|
|
|a Marketing Research :Text and cases
|
| 250 |
|
|
|a 2nd.
|
| 260 |
|
|
|a New Delhi
|b Tata McGraw-Hill Publishing Company Limited
|c 2005
|
| 300 |
|
|
|a 494p.
|
| 650 |
|
|
|a Marketing Research
|9 167533
|
| 856 |
|
|
|u https://books.google.co.in/books?id=MFwpPKqxlwMC&pg=PR7&dq=Marketing+Research+:Text+and+cases+Rajendra+Nargundkar+2nd+edition&hl=en&sa=X&ved=0CBwQ6AEwAGoVChMIxK64xouHxgIVy3-8Ch1usACl#v=onepage&q=Marketing%20Research%20%3AText%20and%20cases%20Rajendra%20Nargundkar%202nd%20edition&f=false
|
| 942 |
|
|
|c BK
|
| 999 |
|
|
|c 187257
|d 187253
|
| 952 |
|
|
|0 0
|1 0
|4 0
|6 658_830000000000000_RAJ_M
|7 0
|8 NFIC
|9 186302
|a SMBS
|b SMBS
|c GEN
|d 2015-06-11
|l 5
|o 658.83 RAJ/M
|p SMBS1454
|r 2019-09-02
|s 2019-03-08
|w 2015-06-11
|y BK
|